Оценка параметров карбонатных коллекторов и геометризация залежей нефти в различных геотектонических условиях на территории СССР: тезисы докладов Всесоюзного совещания

Бібліографічні деталі
Співавтори: Пермский государственный научно-исследовательский и проектный институт нефтяной промышленности (570), Оценка параметров карбонатных коллекторов и геометризация залежей нефти в различных геотектонических условиях на территории СССР
Інші автори: Аксенов А. А. (редактор)
Мова:Російська
Опубліковано: Пермь, Изд-во ПермНИПИнефть, 1978
Предмети:
Формат: MixedMaterials Книга
KOHA link:https://koha.lib.tpu.ru/cgi-bin/koha/opac-detail.pl?biblionumber=357361

MARC

LEADER 00000nam0a2200000 4500
001 357361
005 20231102011002.0
035 |a (RuTPU)RU\TPU\retro\14629 
090 |a 357361 
100 |a 20200805d1978 km y0rusy50 ca 
101 0 |a rus 
102 |a RU 
105 |a y z 100zy 
200 1 |a Оценка параметров карбонатных коллекторов и геометризация залежей нефти в различных геотектонических условиях на территории СССР  |e тезисы докладов Всесоюзного совещания  |f Пермский государственный научно-исследовательский и проектный институт нефтяной промышленности ; отв. ред. А. А. Аксенов 
210 |a Пермь  |c Изд-во ПермНИПИнефть  |d 1978 
215 |a 108 с. 
606 1 |a Нефтяные месторождения  |x Геология  |2 stltpush  |3 (RuTPU)RU\TPU\subj\45952  |9 65141 
610 1 |a совещания 
610 1 |a карбонатные коллекторы 
610 1 |a параметры 
610 1 |a оценка 
610 1 |a нефтяные залежи 
610 1 |a геометризация 
610 1 |a тектоника 
610 1 |a доклады 
610 1 |a тезисы 
675 |a 553.982(063)  |v 4 
702 1 |a Аксенов  |b А. А.  |4 340 
712 0 2 |a Пермский государственный научно-исследовательский и проектный институт нефтяной промышленности  |2 stltpush  |3 (RuTPU)RU\TPU\col\12689  |9 25504 
712 1 2 |a Оценка параметров карбонатных коллекторов и геометризация залежей нефти в различных геотектонических условиях на территории СССР  |c совещание  |e Пермь  |f 1978  |4 570 
801 1 |a RU  |b 63413507  |c 20200805 
801 2 |a RU  |b 63413507  |c 20210224  |g RCR 
942 |c BK